[Event "HUN-chT2 Barcza 1213"]
[Site "Hungary"]
[Date "2013.04.07"]
[Round "10.6"]
[White "Papp, Tamas"]
[Black "Nagy, Kalman"]
[Result "1-0"]
[WhiteElo "2306"]
[BlackElo "2050"]
[PlyCount "127"]
[EventDate "2012.09.16"]
[EventType "team-tourn"]
[EventRounds "11"]
[EventCountry "HUN"]
[SourceTitle "EXT 2014"]
[Source "ChessBase"]
[SourceDate "2013.11.20"]
[SourceVersion "1"]
[SourceVersionDate "2013.11.20"]
[SourceQuality "1"]
[WhiteTeam "Miskolc Kisbocsok"]
[BlackTeam "Sajoszentpeter"]
[WhiteTeamCountry "HUN"]
[BlackTeamCountry "HUN"]

1. d4 e6 2. c4 Nf6 3. Nf3 d5 4. e3 Bb4+ 5. Bd2 Bxd2+ 6. Nbxd2 0-0 7. Bd3 c6 8. 0-0 Nbd7 9. Qe2 Re8 10. cxd5 exd5 11. Rac1 Ne4 12. b4 Ndf6 13. Ne5 Nxd2 14. Qxd2 Nd7 15. Nf3 Nf6 16. Qb2 Bd7 17. Ne5 Ng4 18. Nxd7 Qxd7 19. h3 Nf6 20. b5 Rec8 21. bxc6 bxc6 22. Rc2 Rab8 23. Qa3 Kh8 24. Rfc1 Ng8 25. Rc5 g6 26. Qc3 Ne7 27. a4 Kg8 28. a5 Qb7 29. g3 Qb2 30. Ba6 Qxc3 31. R5xc3 Rd8 32. Kf1 Kf8 33. Ke2 Rb2+ 34. R1c2 Rdb8 35. Kd2 Ke8 36. Rxb2 Rxb2+ 37. Rc2 Rxc2+ 38. Kxc2 Kd7 39. Kc3 Kd6 40. Kb4 Ng8 41. Bd3 f5 42. g4 fxg4 43. hxg4 h5 44. g5 Ne7 45. Bf1 Nf5 46. Bg2 Ng7 47. Bh3 Ne6 48. f4 Ng7 49. Kc3 c5 50. dxc5+ Kxc5 51. Kd3 Ne8 52. e4 dxe4+ 53. Kxe4 Kd6 54. f5 gxf5+ 55. Kxf5 Ke7 56. Kg6 h4 57. Kh5 a6 58. Kxh4 Nd6 59. Kh5 Kf8 60. Kg6 Kg8 61. Be6+ Kh8 62. Bd5 Nc4 63. Kf6 Ne3 64. Be6 1-0

[Event "HUN-chT2 Barcza 1112 "]
[Site "Hungary"]
[Date "2012.03.25"]
[Round "8"]
[White "Nagy, Kalman"]
[Black "Duzs, Jozsef"]
[Result "1-0"]
[WhiteElo "2051"]
[BlackElo "2050"]
[PlyCount "102"]
[EventDate "2011.09.25"]
[EventType "team-tourn"]
[EventRounds "11"]
[EventCountry "HUN"]
[SourceTitle "EXT 2013"]
[Source "ChessBase"]
[SourceDate "2012.11.22"]
[SourceVersion "1"]
[SourceVersionDate "2012.11.22"]
[SourceQuality "1"]
[WhiteTeam "Sajoszentpeter"]
[BlackTeam "Edeleny"]
[WhiteTeamCountry "HUN"]
[BlackTeamCountry "HUN"]

1. e4 e6 2. d4 d5 3. Nd2 Nf6 4. e5 Nfd7 5. Bd3 c5 6. c3 Qb6 7. Ne2 Nc6 8. Nf3 cxd4 9. cxd4 Qb4+ 10. Qd2 f6 11. exf6 gxf6 12. 0-0 Qxd2 13. Bxd2 Bd6 14. Rfe1 Kf7 15. Nc3 Nf8 16. Re2 Bd7 17. Rae1 Ng6 18. a3 Nf4 19. Bxf4 Bxf4 20. b4 Rac8 21. Bb5 a6 22. Bxc6 Rxc6 23. Nxd5 Bd6 24. Ne3 Rc3 25. Ra2 Rhc8 26. d5 e5 27. Nd2 f5 28. g3 b5 29. Kg2 Rd3 30. Rd1 e4 31. Kf1 Be5 32. Ke2 Bd4 33. Nc2 Bb6 34. Ne1 Rxd5 35. Rc2 Re8 36. Nb3 Be6 37. Rxd5 Bxd5 38. Nc5 a5 39. Ng2 Rc8 40. Ne3 Be6 41. Nxe6 Rxc2+ 42. Nxc2 Kxe6 43. bxa5 Bxa5 44. Nd4+ Kf6 45. Nxb5 Ke5 46. a4 h5 47. Na3 Bb4 48. Nc4+ Kd4 49. Ne3 Ke5 50. a5 f4 51. gxf4+ Kxf4 1-0

[Event "HUN-chT2 Barcza 1011"]
[Site "Hungary"]
[Date "2011.04.10"]
[Round "8.2"]
[White "Nagy, Kalman"]
[Black "Zambor, Norbert"]
[Result "0-1"]
[WhiteElo "2099"]
[BlackElo "2243"]
[PlyCount "70"]
[EventDate "2010.09.12"]
[EventType "team-tourn"]
[EventRounds "11"]
[EventCountry "HUN"]
[SourceTitle "EXT 2012"]
[Source "ChessBase"]
[SourceDate "2011.11.24"]
[SourceVersion "1"]
[SourceVersionDate "2011.11.24"]
[SourceQuality "1"]
[WhiteTeam "Sajoszentpeter"]
[BlackTeam "Edeleny"]
[WhiteTeamCountry "HUN"]
[BlackTeamCountry "HUN"]

1. e4 c5 2. Nf3 Nc6 3. d4 cxd4 4. Nxd4 Nf6 5. Nc3 e5 6. Ndb5 d6 7. Bg5 a6 8. Na3 b5 9. Bxf6 gxf6 10. Nd5 f5 11. Bd3 Be6 12. c3 Bg7 13. Nc2 Bxd5 14. exd5 Ne7 15. Nb4 0-0 16. 0-0 Qc8 17. a4 e4 18. Be2 f4 19. axb5 Ng6 20. f3 exf3 21. Bxf3 Qc5+ 22. Kh1 axb5 23. Rxa8 Rxa8 24. Be4 Be5 25. Nd3 Qc4 26. Re1 Bf6 27. Nb4 Re8 28. Bd3 Rxe1+ 29. Qxe1 Qb3 30. Qe2 Qa4 31. Qc2 Qa7 32. h3 Qe3 33. Qe2 Qc1+ 34. Kh2 Bh4 35. Bxb5 Bg3# 0-1

[Event "HUN-chT2 Barcza 0910"]
[Site "Hungary"]
[Date "2009.12.06"]
[Round "3.4"]
[White "Nagy, Kalman"]
[Black "Duzs, Jozsef"]
[Result "1-0"]
[WhiteElo "2099"]
[BlackElo "2066"]
[PlyCount "54"]
[EventDate "2009.11.08"]
[EventType "team-tourn"]
[EventRounds "11"]
[EventCountry "HUN"]
[SourceTitle "EXT 2011"]
[Source "ChessBase"]
[SourceDate "2010.11.26"]
[SourceVersion "1"]
[SourceVersionDate "2010.11.26"]
[SourceQuality "1"]
[WhiteTeam "SSASSE"]
[BlackTeam "Edeleny"]
[WhiteTeamCountry "HUN"]
[BlackTeamCountry "HUN"]

1. e4 e6 2. d4 d5 3. Nd2 dxe4 4. Nxe4 Nf6 5. Nxf6+ Qxf6 6. Nf3 h6 7. Bd3 c5 8. Be3 Nd7 9. c3 Bd6 10. 0-0 0-0 11. Bc2 Qe7 12. Qd3 f5 13. Rfe1 b6 14. Rad1 Nf6 15. dxc5 Bxc5 16. Nd4 Ng4 17. h3 Nxe3 18. Qxe3 Bd7 19. Qe5 Bxd4 20. Rxd4 Rae8 21. Bb3 Rf6 22. Red1 Bc8 23. Re1 g5 24. Rc4 Rg6 25. Rc7 Qd8 26. Qxf5 Qf6 27. Qxf6 Rxf6 1-0

[Event "HUN-chT2 Barcza 0708"]
[Site "Hungary"]
[Date "2008.05.18"]
[Round "11"]
[White "Csolto, Robert"]
[Black "Nagy, Kalman"]
[Result "1-0"]
[WhiteElo "2318"]
[BlackElo "2075"]
[PlyCount "89"]
[EventDate "2007.10.14"]
[EventType "team"]
[EventRounds "11"]
[EventCountry "HUN"]
[SourceTitle "EXT 2009"]
[Source "ChessBase"]
[SourceDate "2008.11.26"]
[SourceVersion "1"]
[SourceVersionDate "2008.11.26"]
[SourceQuality "1"]
[WhiteTeam "Kazincbarcika II"]
[BlackTeam "Miskolc II"]
[WhiteTeamCountry "HUN"]
[BlackTeamCountry "HUN"]

1. e4 e5 2. Nf3 Nc6 3. Bb5 f5 4. d3 fxe4 5. dxe4 Nf6 6. Qd3 Nb4 7. Qe2 c6 8. Ba4 Bd6 9. Bb3 Bc7 10. Nc3 d5 11. a3 dxe4 12. Nxe4 Nbd5 13. Bg5 Bf5 14. Ng3 Bg4 15. 0-0-0 Qe7 16. h3 Bxf3 17. Qxf3 0-0 18. Bxd5+ cxd5 19. Bxf6 Rxf6 20. Qxd5+ Kh8 21. Ne4 Rc6 22. Kb1 Rd8 23. Qb3 Rb6 24. Rxd8+ Qxd8 25. Qf3 Kg8 26. Rd1 Qe7 27. Qc3 h6 28. Rd3 Kh7 29. Qc4 Bd6 30. Nxd6 Rxd6 31. Rxd6 Qxd6 32. Qd3+ Qxd3 33. cxd3 Kg6 34. Kc2 Kf5 35. Kc3 g5 36. d4 Ke4 37. dxe5 Kxe5 38. Kd3 b5 39. Ke3 a5 40. g3 a4 41. f4+ gxf4+ 42. gxf4+ Kd5 43. Kd3 h5 44. h4 Kc5 45. Kc3 1-0